000 00689nam a2200289Ia 4500
005 20260324130153.0
008 008 260324s9999 xx 000 0 eng d
020 _a9780203885031
037 _aEBOOK
040 _aCRL
040 _beng
040 _cCRL
041 _2eng
041 _aeng
084 _qCRL
100 _aKeir Reeves; William Logan
_91180767
245 0 _aPlaces of Pain and Shame
245 0 _bDealing with 'Difficult Heritage'
260 _bTaylor and Francis
260 _c2008
365 _a
365 _b230
856 _uhttp://www.taylorfrancis.com/books/9780203885031
942 _cEBOOK
999 _c1776701
_d1776701